#1 Hits der 1960er-Jahre in Deutschland - Statistiken

Allgemein
  • Dieses Quiz wurde 2.044 mal gespielt
  • Das Durchschnittsergebnis liegt bei 12 aus 62
Antwortstatistiken
#1's Künstler % Korrekt
10 The Beatles
97%
1 The Beatles & Billy Preston
97%
6 The Rolling Stones
68%
1 Elvis Presley
67%
1 Drafi Deutscher
38%
2 Roy Black
36%
3 Heintje
35%
3 Freddy Quinn
32%
1 Nancy Sinatra
32%
1 Frank Sinatra
31%
1 Billy Mo
30%
1 Gitte und Rex Gildo
29%
3 Bee Gees
28%
1 Roy Orbison
27%
1 Gitte / Lil Malmkvist
26%
1 The Monkees
24%
2 Tom Jones
23%
1 John Fred & His Playboy Band
22%
2 Nana Mouskouri
22%
1 The Beach Boys
21%
1 Conny / Jan & Kjeld / Blue Capris
19%
2 Manfred Mann
19%
1 Pat Boone / Rex Gildo
17%
2 Peter Alexander
17%
1 Scott McKenzie
16%
2 Cliff Richard
15%
1 The Archies
15%
1 Lale Andersen / Caterina Valente
14%
2 Petula Clark
14%
1 Procol Harum
14%
1 Zager & Evans
13%
1 Club Honolulu (Caterina Valente & Silvio Francesco) / Brian Hyland
12%
1 Connie Francis
11%
1 Édith Piaf / Dalida
11%
1 Manuela / Eydie Gormé
11%
1 Siw Malmkvist
11%
1 The Kinks
11%
1 Desmond Dekker
10%
1 Sandie Shaw
10%
1 Barry Ryan
9%
1 Chris Andrews
9%
1 Gerhard Wendland
8%
1 Heidi Brühl
8%
2 Ronny
8%
1 Gus Backus
7%
1 Mary Hopkin
7%
1 Rocco Granata / Will Brandes
7%
1 Buzz Clifford / Ralf Bendix und die kleine Elisabeth
6%
1 Dave Dee, Dozy, Beaky, Mick & Tich
6%
1 Edwin Hawkins Singers
6%
1 David Garrick
5%
1 Mina
5%
1 Nini Rosso
5%
1 Ted Herold
5%
1 Bernd Spier / Johnny Tillotson
4%
1 Blue Diamonds
4%
1 Jan & Kjeld
4%
1 Johnny Rivers / Bernd Spier / Claudio, Rik und Roger
4%
1 Peter Lauch & die Regenpfeifer
4%
1 Billy Vaughn & Orchestra / The String-A-Longs / Trio Kolenka
3%
1 Bob Moore / Peter Niemann
3%
1 Tahiti-Tamourés
3%
Keine übereinstimmenden Quizze gefunden
Verteilung der Resultate
Anzahl Personen mit jedem Resultat
Perzentil nach korrekt beantworteten Fragen
Ihre Resultats-Entwicklung
Sie haben dieses Quiz noch nicht gespielt